000 00538nam a2200193Ia 4500
005 20250508162003.0
008 008 250505s9999 xx 000 0 eng d
037 _aTextual
040 _aFEDL
_beng
_cFEDL
041 _aeng
_2eng
084 _a378, ROU
_qFEDL
100 _aRoueche John E
_9771962
245 0 _aOvercoming learning problems
260 _aLondon, UK
_bJossey-Bass Publishers
_c1977
300 _axviii,188p.
700 _a Snow Jerry J
_9771963
942 _cTEXL
_h378, ROU
999 _c1373673
_d1373673